000 02592cam a22005174i 4500
003 PE-LiUPU
005 20250731165418.0
008 151210s2000 pe grm 000 0 spa d
035 _a(Sirsi) a155476
040 _aPE-LiUPU
_bspa
_cPE-LiUPU
_erda
082 0 4 _a241.4
_bCh75 T3
099 _aTT 3
_bCH75 2000
100 1 _aChoque Quispe, Efraín
_eautor
245 1 _aPaciencia: La virtud de esperanza cristiana. Análisis temático y exegético de Santiago 5:7-11 /
_cEfraín Choque Quispe.
264 0 _c2000.
300 _a106 hojas
_c30 centímetros
336 _atext
_2rdacontent
337 _aunmediated
_2rdamedia
338 _avolume
_2rdacarrier
082 0 4 _a286.73205
_bSEAT
_220
502 _aTesis
_b(Mg.) --
_cUniversidad Peruana Unión,
_d2000.
504 _aIncluye referencias
520 3 _aLa palabra paciencia en la Biblia y particularmente en el libro de Santiago, tiene un trasfondo enteramente práctico para el cristiano. Esta practicidad se ve claramente cuando se encuentra la interpretación mas contextualizada al pensamiento original y a la intención del autor. Las variantes son mas claras cuando el investigador encuentra el significado de los términos. En el caso particular de Santiago 5: 7-11, las dos expresiones griegas makrothumía y hupomoné, se entienden mejor si se toma en cuenta el contexto y se descubre el énfasis de cada termino para la primera audiencia. Las dos expresiones traducidas como paciencia en castellano, no reflejan necesariamente el pensamiento del primer siglo, en cierta medida ha perdido dinámica en su aplicación en nuestro contexto.
526 _aSEG44
526 _aSEG26
526 _aP151
526 _aP150
526 _aP149
526 _aP146
526 _aP145
526 _aP126
526 _aP125
526 _aP92
526 _aP75
526 _aP74
526 _aP27
526 _aP15
650 0 4 _aPaciencia
_xEnseñanza bíblica.
650 0 4 _aBiblia
_pN.T.
_pSantiago
_xComentarios.
596 _a1 4
942 _2ddc
_cTESIS
999 _aTT 3 CH 75 2000
_wALPHANUM
_c8153
_iT00405
_lCCODEBUL3
_mBUL
_r1
_sY
_tTESIS
_u2015-12-10
_xPOSGRADO
_PP85
_o.STAFF. Tesis
_d8153
999 _aTT 3 CH 75 2000
_wALPHANUM
_c2
_iT01124
_lCCODEBUL3
_mBUL
_r1
_sY
_tTESIS
_u2016-8-11
_xPOSGRADO
_PP85
_o.STAFF. Tesis
999 _aTT 3 CH 75 2000
_wALPHANUM
_c3
_iT00975
_lCCODEBUL3
_mBUL
_r1
_sY
_tTESIS
_u2016-8-11
_xPOSGRADO
_PP85
_o.STAFF. Tesis
999 _a286.73205 SEAT V3
_wDEWEY
_c1
_iCW51313
_f2021-12-22
_g2
_lCCODECWL1
_mBWL
_r0
_sY
_tBOOK
_u2018-7-30
_xWHITE
_zUNKNOWN
_0COMPRA
980 _81
_gALBERTO SANCHEZ Responsable de Automatización